000 00540nam a2200181Ia 4500
003 LK-CoDNM
008 010623t1993 xxu||||| |||| 00| 1 sin d
040 _aLK-CoDNM
_dLK-CoDNM
_eLK-CoDNM
041 _asin
080 _a133.5 ABA
100 _aAbhyawickrama,W.W.
245 _aනිමිති සාරය හෙවත් ගර්භද්වාර නිමිත්ත
246 _aNimithisaraya hewath Garbhadwara Nimitha
260 _bModern
_aNugegoda
_c1993
300 _b82p., 24 cm
650 _aAstrology
942 _cBK
999 _c116141
_d116141